00277nam a2200109Ia 4500003000400000008004100004040001600045082001300061245002800074260005500102300001000157GCL140319s9999 xx 000 0 eng d aGCL / cGCL04a410bB L10aLECTURES ON LINGUISTICS a[S.N] : bHIJHER SCHOOL PUBLISHING HOUSE ، c1969 a175 P